000 00311nam a2200133Ia 4500
100 _aAtthreya/N.H
942 _cBK
654 _awinners
245 _aWinners ways to performance excellence
260 _bMMC School Of Management
_aMumbai
_c1991
082 _a658.314
_bATT
300 _a250
546 _aENGLISH
999 _c25628
_d25628